00212nam a2200073Ia 4500008004100000100001500041245005400056260002800110170817s9999 xx 000 0 und d aRuhela.S.P 0aShiksha ke Darshnik tatha samajshashtriya aadhaar bAgarwal Prakashan Agara